OECD economic outlook 96 november 2014

Salvato in:
Dettagli Bibliografici
Natura: Libro
Lingua:inglese
Pubblicazione: Paris OECD 2014
Serie:OECD economic outlook
Soggetti:
Tags: Aggiungi Tag
Nessun Tag, puoi essere il primo ad aggiungerne!!

MARC

LEADER 00000nam a2200000 4500
001 0212739
005 20240315121018.4
020 |a 978-92-64-22016-4 
041 0 |a eng 
044 |a FR 
245 1 0 |a OECD economic outlook 96  |b november 2014 
264 1 |a Paris  |b OECD  |c 2014 
300 |a 281 s. 
490 1 |a OECD economic outlook 
830 0 |a OECD economic outlook 
610 2 0 |a situácia hospodárska 
610 2 0 |a makroekonomika 
610 2 0 |a inflácia 
610 2 0 |a nezamestnanosť 
610 2 0 |a trh práce 
610 2 0 |a produkt domáci hrubý 
610 2 0 |a ukazovatele 
610 2 0 |a údaje štatistické 
610 2 0 |a porovnanie štatistické medzinárodné 
610 2 0 |a OECD